000 00806cam a2200289 4500500
005 20260329004509.0
041 _afre
042 _adc
100 1 0 _ade Oliveira, Victorine
_eauthor
245 0 0 _aUn homme d’expérience
260 _c2020.
500 _a40
690 _aBernie Sanders
690 _aCélestin Freinet
690 _aDarwin
690 _aDémocratie
690 _aÉtats-Unis
690 _aExpérience
690 _aHerbert Spencer
690 _aJohn Dewey
690 _aLéon Trotski
690 _aPédagogie
690 _aPragmatisme
690 _aWilliam James
786 0 _nPhilosophie magazine | 137 | 3 | 2020-03-01 | p. 40-40 | 1951-1787
856 4 1 _uhttps://shs.cairn.info/magazine-philosophie-magazine-2020-3-page-40?lang=fr&redirect-ssocas=7080
999 _c1834475
_d1834475